logo

Bir Sreshtho Munshi Abdur Rouf Library
Jhenaidah Cadet College

Future crimes : (Record no. 13538)

MARC details
000 -LEADER
fixed length control field 00878cam a2200277 i 4500
001 - CONTROL NUMBER
JCCL Control Number 13538
003 - CONTROL NUMBER IDENTIFIER
JCCL marc code BD-JhCC
005 - DATE AND TIME OF LATEST TRANSACTION
control field 20240121121749.0
008 - FIXED-LENGTH DATA ELEMENTS--GENERAL INFORMATION
fixed length control field 141024s2015 nyu b 001 0 eng
020 ## - INTERNATIONAL STANDARD BOOK NUMBER
International Standard Book Number 9780385539005 (hbk.)
035 ## - SYSTEM CONTROL NUMBER
system control number (BD-JhCC)13538
040 ## - CATALOGING SOURCE
Original cataloging agency DLC
Description conventions rda
Transcribing agency DLC
Modifying agency DLC
041 ## - LANGUAGE CODE
Language code of Book eng
050 00 - LIBRARY OF CONGRESS CALL NUMBER
Classification number HV6773
Item number .G66 2015
082 00 - DEWEY DECIMAL CLASSIFICATION NUMBER
Classification number 364.168
DDC Edition number 23
Author mark and Year GOO 2015
100 1# - MAIN ENTRY--PERSONAL NAME
Personal name Goodman, Marc.
245 10 - TITLE STATEMENT
Title Future crimes :
Remainder of title everything is connected, everyone is vulnerable and what we can do about it /
Statement of responsibility, etc Marc Goodman.
250 ## - EDITION STATEMENT
Edition statement First edition.
300 ## - PHYSICAL DESCRIPTION
Pagination viii, 392, lx pages ;
Dimensions 25 cm
504 ## - BIBLIOGRAPHY, ETC. NOTE
Bibliography, etc Includes bibliographical references and index.
650 #0 - SUBJECT ADDED ENTRY--TOPICAL TERM
Topical term or geographic name as entry element Computer crimes
General subdivision Prevention.
650 #0 - SUBJECT ADDED ENTRY--TOPICAL TERM
Topical term or geographic name as entry element Computer security.
650 #0 - SUBJECT ADDED ENTRY--TOPICAL TERM
Topical term or geographic name as entry element Data protection.
650 #0 - SUBJECT ADDED ENTRY--TOPICAL TERM
Topical term or geographic name as entry element Technological innovations
General subdivision Moral and ethical aspects.
942 ## - ADDED ENTRY ELEMENTS (KOHA)
Source of classification or shelving scheme Dewey Decimal Classification
Koha item type Books
Holdings
Source of classification or shelving scheme Damaged status Not for loan Home library Current library Shelving location Date of accession Total Checkouts Full call number Barcode Date last seen Date checked out Copy number Method of acquisition Koha item type Currency
Dewey Decimal Classification     JCC Rouf Library JCC Rouf Library General Stacks 01/21/2024 1 364.168 GOO 2015 18654 05/02/2024 01/31/2024 C-1 Gift/Donation Books BDT
Dewey Decimal Classification     JCC Rouf Library JCC Rouf Library General Stacks 01/21/2024 2 364.168 GOO 2015 18655 04/25/2024 02/15/2024 C-2 Gift/Donation Books BDT
Dewey Decimal Classification     JCC Rouf Library JCC Rouf Library General Stacks 01/21/2024 2 364.168 GOO 2015 18656 06/06/2024 02/22/2024 C-3 Gift/Donation Books BDT
Dewey Decimal Classification     JCC Rouf Library JCC Rouf Library General Stacks 01/21/2024 3 364.168 GOO 2015 18657 11/11/2025 10/13/2025 C-4 Gift/Donation Books BDT
Dewey Decimal Classification     JCC Rouf Library JCC Rouf Library General Stacks 01/21/2024 3 364.168 GOO 2015 18658 07/29/2024 07/28/2024 C-5 Gift/Donation Books BDT

JCC Library | Contacts | JCC Home

Last Update on 23 September 2017
Copyright @ 2017-2020 JCC Rouf Library
Rouf Library, Jhenidah Cadet College (JCC), Bangladesh